00506nam a22001937a 4500003000400000005001700004008004100021020001800062040000900080082002000089100002100109245002300130250001300153260003100166300001000197630002600207650003500233650004400268OSt20260319162046.0260319b |||||||| |||| 00| 0 eng d a81-264-0452-3 cSBCL a894.8123bBAL-I aBalakrishnan,P K aIni Njan Urangatte a56th ed. aKottayam bDC Books c2026 a216p. xLiterature & rhetoric aLiteratures of other languages aAltaic, Uralic, Hyperborean & Dravidian